Statistics for Colors in Europe Quiz

Click here to take the quiz!

General Stats

  • This quiz has been taken 14,756 times
  • The average score is 17 of 30

Answer Stats

Color Language Word % Correct
WhiteFrenchBlanc
89%
OrangeFrenchOrange
74%
RedFrenchRouge
72%
BlackSpanishNegro
71%
BlackFrenchNoir
71%
BlueFrenchBleu
69%
WhiteSpanishBlanco
67%
GreenSpanishVerde
65%
GraySpanishGris
63%
BrownFrenchBrun
63%
GreenFrenchVert
60%
PinkFrenchRose
59%
PinkSpanishRosa
58%
RedSpanishRojo
56%
BlueSpanishAzul
56%
YellowSpanishAmarillo
47%
OrangeSpanishNaranja
47%
BrownSpanishMarrón
47%
BlueGermanBlau
46%
YellowFrenchJaune
45%
BlackGermanSchwarz
43%
RedGermanRot
42%
GreenGermanGrün
41%
WhiteGermanWeiß
41%
BrownGermanBraun
38%
YellowGermanGelb
32%
GrayGermanGrau
29%

Score Distribution

Percentile by Number Answered

Percent of People with Each Score

Your Score History

You have not taken this quiz